| 000 | 00876nam a2200229 u 4500 | ||
|---|---|---|---|
| 005 | 20221001063900.0 | ||
| 008 | 181002s2017 mx r 000 0 spa d | ||
| 020 | _a9786075350066 | ||
| 035 | _aUPN01000227003 | ||
| 049 | _aCG | ||
| 050 | 4 |
_aLC212.863 M6 _bM3.4 |
|
| 100 | 1 |
_aMartínez Lozano, Consuelo Patricia _942207 |
|
| 245 | 1 | 4 |
_aLas instituciones de educación superior y la violencia de género / _cConsuelo Patricia Martínez Lozano. |
| 260 |
_aMéxico : _bEón : _bUniversidad Autónoma de San Luis Potosí, _c2017. |
||
| 300 |
_a123, [xiv] p. : _bil. col., cuadros |
||
| 440 | 0 |
_aDiversidad sin violencia ; _v11 |
|
| 650 | 2 |
_aDiscriminación sexual en la educación superior _zMéxico _925280 |
|
| 650 | 4 |
_aDiscriminación sexual contra la mujer _zMéxico _925013 |
|
| 650 | 4 |
_aViolencia _xAspectos sociales _zMéxico _914662 |
|
| 905 | _aLibro | ||
| 999 |
_c199099 _d199099 |
||